Elements of mathematical analysis
Αποθηκεύτηκε σε:
| Κύριος συγγραφέας: | |
|---|---|
| Μορφή: | Βιβλίο |
| Γλώσσα: | English Russian |
| Δημοσίευση: |
Moscow :
Mir publishers,
1983
|
| Θέματα: | |
| Ετικέτες: |
Προσθήκη ετικέτας
Δεν υπάρχουν, Καταχωρήστε ετικέτα πρώτοι!
|
MARC
| LEADER | 00000cam a2200000 i 4500 | ||
|---|---|---|---|
| 001 | 1/6868 | ||
| 008 | 100426s1983 eng d | ||
| 035 | |l 10107663 | ||
| 040 | |a GR-MY-UA |b gre |e aacr | ||
| 041 | 0 | |a eng |h rus | |
| 082 | 0 | |a 515 |2 (22) | |
| 100 | 1 | |a Nikolskii, S. M. |q (Sergei Mikhailovich), |d 1905-2012. | |
| 245 | 1 | 0 | |a Elements of mathematical analysis / |c S. M. Nikolsky ; translated from the Russian by Oscar Sheynin |
| 260 | |a Moscow : |b Mir publishers, |c 1983 | ||
| 300 | |a 166 σ.; |b διαγρ.; |c 20 εκ. | ||
| 500 | |a Revised from the 1981 Russian edition | ||
| 650 | 0 | 0 | |a Mathematical analysis. |
| 852 | |a INST |b SAMOS |c MAG |e 20100426 |h 515 NIK |p 005300031948 |q 005300031948 |t BK |y 0 | ||
| 901 | |a BIBL3-2010-1 | ||
| 909 | |a Σ |b 162257 | ||
| 970 | |a ΣΙΤΖΙΜΗ |b ΓΙΑΣΕΜΗ |z 2010/04/26 | ||